2025 AFL Grand Final Teams - Statistics

General Stats
  • This quiz has been taken 12 times
  • The average score is 38 of 48
Answer Stats
Number Position Answer % Correct
3 MID Bailey Smith
100%
23 FWD Charlie Cameron
100%
5 FWD Jeremy Cameron
100%
9 (c & sub) MID Lachie Neale
100%
35 (c) MID Patrick Dangerfield
100%
1 (sub) RUCK Rhys Stanley
100%
33 FWD Shannon Neale
100%
27 DEF Darcy Gardiner
92%
15 DEF Dayne Zorko
92%
31 (c) DEF Harris Andrews
92%
5 MID Josh Dunkley
92%
9 MID Max Holmes
92%
22 FWD Ty Gallop
92%
8 MID Will Ashcroft
92%
33 FWD/MID Zac Bailey
92%
38 MID/FWD Bruce Reville
83%
Coach Chris Scott
83%
32 RUCK Darcy Fort
83%
6 MID Hugh McCluggage
83%
38 DEF Jack Henry
83%
3 DEF Jaspa Fletcher
83%
10 MID Levi Ashcroft
83%
35 DEF Ryan Lester
83%
37 DEF Brandon Starcevich
75%
4 FWD Callum Ah Chee
75%
16 FWD/MID Cam Rayner
75%
Coach Chris Fagan
75%
44 DEF Darcy Wilmot
75%
1 FWD Kai Lohmann
75%
17 DEF Lawson Humphries
75%
46 RUCK/DEF Mark Blicavs
75%
28 MID/FWD Ollie Dempsey
75%
46 RUCK/FWD Oscar McInerney
75%
16 DEF Sam De Koning
75%
7 MID/FWD Shaun Mannagh
75%
30 MID Tom Atkins
75%
18 FWD Tyson Stengle
75%
45 FWD Brad Close
67%
13 FWD Logan Morris
67%
42 DEF Mark O’Connor
67%
20 MID Sam Marshall
67%
32 FWD Gryan Miers
58%
12 MID Jack Bowes
58%
13 MID Jhye Clark
58%
39 DEF Zach Guthrie
58%
34 DEF Oisin Mullin
50%
19 FWD Jack Martin
42%
14 DEF Connor O’Sullivan
33%
No matching quizzes found
Score Distribution
Percent of People with Each Score
Percentile by Number Answered
Your Score History
You have not taken this quiz